000
00311nam a2200121Ia 4500
005
20251222142017.0
008
251222s9999||||xx |||||||||||||| ||spa||
020
_a
9972-33-119-9
082
_a
321.8/N37
100
_a
Neira Magán, César Augusto
245
0
_a
El Colapso del Sistema Democrático:
942
_c
LIB
999
_c
10527
_d
10527